Complete Idiots Guide To CorelDraw (Record no. 295114)

MARC details
000 -LEADER
fixed length control field 00416nam a2200157Ia 4500
008 - FIXED-LENGTH DATA ELEMENTS--GENERAL INFORMATION
fixed length control field 230718s9999 xx 000 0 und d
041 ## - LANGUAGE CODE
Language code of text/sound track or separate title eng
082 ## - DEWEY DECIMAL CLASSIFICATION NUMBER
Classification number 005.43
Item number HOW
100 ## - MAIN ENTRY--PERSONAL NAME
Personal name Howard M.
9 (RLIN) 108967
245 ## - TITLE STATEMENT
Title Complete Idiots Guide To CorelDraw
260 ## - PUBLICATION, DISTRIBUTION, ETC. (IMPRINT)
Date of publication, distribution, etc. 1996
Name of publisher, distributor, etc. Alpha Books
300 ## - PHYSICAL DESCRIPTION
Extent 374
365 ## - TRADE PRICE
Currency code Rs.
Price amount 150.00
700 ## - ADDED ENTRY--PERSONAL NAME
Personal name Howard M. & Howard J.
9 (RLIN) 185776
906 ## - LOCAL DATA ELEMENT F, LDF (RLIN)
d B:68421-Mar-1996
c COMP
b 22.5
Holdings
Withdrawn status Lost status Damaged status Not for loan Home library Current library Date acquired Vendor Budget Code Cost, normal purchase price Bill number Total Checkouts Full call number Barcode Date last seen Discount Cost, replacement price Bill Date Koha item type Original Barcode
        Cummins College of Engineering for Women Pune Cummins College of Engineering for Women Pune 21/03/1996 Pradeep Book Distributors COMP 127.50 684   005.43 CCEP-BK-6319 18/07/2023 22.5 150.00 21/03/1996 Books 006319